Recirkulační akvakulturní systémy pro chov ryb /

Hlavní autor: Kouřil, Jan, 1948-
Další autoři: Hamáčková, Jitka, 1947-, Stejskal, Vlastimil, 1981-
Jazyk: Čeština
Vydáno: V Českých Budějovicích : Jihočeská univerzita, Fakulta rybářství a ochrany vod, 2013
Vydání: 2. vyd.
Edice: Edice metodik ; Technologická řada 85.
Témata:
Fyzický popis: 53 s. : il. (převážně barev.) ; 21 cm
Knihy
Uloženo v:
LEADER 02016nam a2200553 a 4500
001 nkc20132467149
003 CZ PrNK
005 20130719143438.0
007 ta
008 130611s2013 xr a e f 000 0 cze
015 |a cnb002467149 
020 |a 978-80-87437-59-9  |q (brož.) 
035 |a (OCoLC)855465007 
040 |a OLA001  |b cze 
072 7 |a 639.2/.6  |x Rybářství  |2 Konspekt  |9 24 
080 |a 639.3  |2 MRF 
080 |a 628.161.1  |2 MRF 
080 |a 628.16  |2 MRF 
080 |a 628.161  |2 MRF 
080 |a 639.2/.6+626.88  |2 MRF 
080 |a (072)  |2 MRF 
100 1 |a Kouřil, Jan,  |d 1948-  |7 jn19981001661  |4 aut 
245 1 0 |a Recirkulační akvakulturní systémy pro chov ryb /  |c J. Kouřil, J. Hamáčková, V. Stejskal 
250 |a 2. vyd. 
260 |a V Českých Budějovicích :  |b Jihočeská univerzita, Fakulta rybářství a ochrany vod,  |c 2013 
300 |a 53 s. :  |b il. (převážně barev.) ;  |c 21 cm 
490 1 |a Edice metodik ;  |v 85.  |a Technologická řada 
500 |a 200 výt. 
504 |a Obsahuje bibliografii 
650 0 7 |a chov ryb  |7 ph134819  |2 czenas 
650 0 7 |a kvalita vody  |7 ph135394  |2 czenas 
650 0 7 |a úprava vody  |7 ph128347  |2 czenas 
650 0 7 |a čištění vody  |7 ph163872  |2 czenas 
650 0 7 |a akvakultura  |7 ph698677  |2 czenas 
650 0 9 |a fish keeping  |2 eczenas 
650 0 9 |a water quality  |2 eczenas 
650 0 9 |a water treatment  |2 eczenas 
650 0 9 |a water purification  |2 eczenas 
650 0 9 |a aquaculture  |2 eczenas 
655 7 |a metodické příručky  |7 fd132826  |2 czenas 
655 9 |a methodological manuals  |2 eczenas 
700 1 |a Hamáčková, Jitka,  |d 1947-  |7 xx0006446  |4 aut 
700 1 |a Stejskal, Vlastimil,  |d 1981-  |7 mzk2008486454  |4 aut 
810 2 |a Jihočeská univerzita.  |b Fakulta rybářství a ochrany vod.  |t Metodiky.  |p Technologická řada  |0 s 
910 2 |a BOA001  |b 2-1308.223 
990 |a BK 
995 |a 01 
991 |b 201307  |c NOV  |e n 
996 6 |b 2610556126  |c 2-1308.223  |l MZK  |r Sklad / do 1 hodiny  |n 5  |p p.v.  |w 001343446  |u 000010  |a 1  |e BOA001  |j MZK50  |s P